20 Major National Security Fields - Statistics

General Stats
  • This quiz has been taken 2 times
  • The average score is 6 of 20
Answer Stats
Hint Answer % Correct
11 Artificial Intelligence Security
100%
4 Economic Security
100%
5 Financial Security
100%
18 Nuclear Security
100%
9 Cybersecurity
50%
15 Food Security
50%
2 Homeland Security
50%
14 Biosecurity
0%
6 Cultural Security
0%
10 Data Security
0%
17 Deep Sea Security
0%
13 Ecological Security
0%
3 Military Security
0%
20 Outer Space Security
0%
16 Overseas Interests Security
0%
19 Polar Security
0%
1 Political Security
0%
12 Resource Security
0%
8 Science and Technology Security
0%
7 Societal Security
0%
No matching quizzes found
Score Distribution
Percent of People with Each Score
Percentile by Number Answered
Your Score History
You have not taken this quiz